| Tag |
First Indicator |
Second Indicator |
Subfields |
| LEADER |
00000cam a2200000 a 4500 |
| 001 |
in00000008653 |
| 005 |
20151003080015.0 |
| 008 |
870822s1986 onc b 00110 eng |
| 010 |
|
|
|a 87101502
|
| 020 |
|
|
|a 0920763030 :
|c $24.00
|
| 020 |
|
|
|a 0920802990 (pbk.)
|
| 035 |
|
|
|a (OCoLC)15022945
|
| 035 |
|
|
|9 AAA1051AM
|
| 040 |
|
|
|a DLC
|c DLC
|d TXA
|d UtOrBLW
|
| 043 |
|
|
|a n-cn---
|
| 050 |
0 |
0 |
|a PR9188
|b .I78 1986
|
| 082 |
0 |
|
|a 813/.54/099287
|2 19
|
| 100 |
1 |
|
|a Irvine, Lorna,
|d 1936-
|
| 245 |
1 |
0 |
|a Sub/version /
|c Lorna Irvine.
|
| 264 |
|
1 |
|a Toronto, Ont. :
|b ECW Press,
|c [1986]
|
| 264 |
|
4 |
|c ©1986
|
| 300 |
|
|
|a 193 pages ;
|c 23 cm.
|
| 336 |
|
|
|a text
|b txt
|2 rdacontent
|
| 337 |
|
|
|a unmediated
|b n
|2 rdamedia
|
| 338 |
|
|
|a volume
|b nc
|2 rdacarrier
|
| 504 |
|
|
|a Bibliography: pages 181-186.
|
| 500 |
|
|
|a Includes index.
|
| 650 |
|
0 |
|a Canadian fiction
|x Women authors
|x History and criticism.
|
| 650 |
|
0 |
|a Canadian fiction
|y 20th century
|x History and criticism.
|
| 650 |
|
0 |
|a Women and literature
|z Canada.
|
| 650 |
|
0 |
|a Feminism and literature
|z Canada.
|
| 999 |
|
|
|a MARS
|
| 999 |
f |
f |
|s afb06e6c-c3cc-3910-8291-f8a520032c87
|i d3765b3b-f84a-3669-a78b-1d2ae87812da
|t 0
|
| 952 |
f |
f |
|p ric
|a Texas A&M University
|b Rellis Campus
|c Joint Library Facility
|d Remote Storage
|t 0
|e PR9188 .I78 1986
|h Library of Congress classification
|i unmediated -- volume
|m A14812630892
|
| 998 |
f |
f |
|a PR9188 .I78 1986
|t 0
|l Remote Storage
|